Los ballenas son más sutiles (Record no. 61298)

MARC details
000 -LEADER
campo de control de longitud fija 02750nac a2200301 a 4500
003 - IDENTIFICADOR DE NÚMERO DE CONTROL
campo de control CO-PeBPM
005 - FECHA Y HORA DE LA ÚLTIMA TRANSACCIÓN
campo de control 20251009121009.0
008 - DATOS DE LONGITUD FIJA--INFORMACIÓN GENERAL
campo de control de longitud fija 251009s2024 ck |||| |||| 00| 0 spa d
020 ## - NÚMERO INTERNACIONAL ESTÁNDAR DEL LIBRO
Número Internacional Estándar del Libro 9789585197947
040 ## - FUENTE DE CATALOGACIÓN
Centro catalogador/agencia de origen CO-PeBPM
Lengua de catalogación spa
Centro/agencia transcriptor CO-PeBPM
Normas de descripción rda
041 ## - CÓDIGO DE IDIOMA
Código de lengua del texto/banda sonora o título independiente spa
082 04 - NÚMERO DE LA CLASIFICACIÓN DECIMAL DEWEY
Número de clasificación Co863 L579b
Número de edición 22
100 1# - ENTRADA PRINCIPAL--NOMBRE DE PERSONA
Nombre de persona León, María Antonia
Fechas asociadas al nombre , 1985
Término indicativo de función/relación autora
245 10 - MENCIÓN DEL TÍTULO
Título Los ballenas son más sutiles
Mención de responsabilidad, etc. / María Antonia León
250 ## - MENCION DE EDICION
Mención de edición Edición especial
260 ## - PUBLICACIÓN, DISTRIBUCIÓN, ETC.
Lugar de publicación, distribución, etc. Bogotá, Colombia
Nombre del editor, distribuidor, etc. : Fondo de Cultura Económica
Fecha de publicación, distribución, etc. , 2024
300 ## - DESCRIPCIÓN FÍSICA
Extensión 97 páginas
Dimensiones 21 centímetros
490 ## - MENCIÓN DE SERIE
Mención de serie Plan Nacional de Lectura, Escritura y Oralidad / Ministerio de Cultura, Las Artes y los Saberes
500 ## - NOTA GENERAL
Nota general Incluye índice
520 ## - RESUMEN, ETC.
Sumario, etc. Dos señoras nadan en una piscina pública que se ofrece como un útero. Una adolescente viaja a una ciudad con atardecer. Una madre decide investigar el suicidio de su amiga. Una niña lucha por mejorar en matemáticas usando mecanismos de tortura. Una anciana narra la muerte de su hermana con detalles milagrosos. Una joven bucea en el naufragio de un barco que la seduce. Una mujer abandona a su novio violento para buscar el origen de su depravación. Una esposa termina enjaulada en su propia luna de miel. Estos ocho cuentos exploran la imagen del hundimiento cuerpos convexos y paisajes cóncavos, almas desborranendas y corazones martillados en un mortero, mujeres que toman dolorosas decisiones de supervivencia. Escritos en más de una docena de años, son auto- ficciones de su autora: relatos que deforman la realidad para ver con un ojo más sensible las violencias contra las mujeres, atestiguadas y vividas, como un vestigio que miramos desde adentro.<br/><br/>Maria Antonia León (Manizales, 1985). Feminista y escritora. Autora de las obras El aparato que late (2021). El oráculo térmico (2023), que recibió el VI Premio Bienal de Novela Corta Roberto Burgos Cantor, y Las ballenas son más sutiles (2024), que obtuvo el Premio Nacional de Libro de Cuentos Inédito Escrito por Mujeres del Ministerio de las Culturas de Colombia. Textos suyos también han sido publicados en revistas, perió dicos y antologias de cuento, crónica y poesía. Es comunicadora social de la Universidad Santo Tomás y magíster en escrituras creativas de la Universidad Nacional de Colombia. Se ha desempeñado como periodista. docente, astróloga y editora literaria.
521 ## - NOTA DE PÚBLICO DESTINATARIO
Nota de público destinatario Recomendado para jóvenes y adultos
650 14 - PUNTO DE ACCESO ADICIONAL DE MATERIA--TÉRMINO DE MATERIA
Término de materia o nombre geográfico como elemento de entrada Cuentos colombianos - Siglo XXI
Fuente del encabezamiento o término LEMB
650 14 - PUNTO DE ACCESO ADICIONAL DE MATERIA--TÉRMINO DE MATERIA
Término de materia o nombre geográfico como elemento de entrada Literatura colombiana - Siglo XXI
Fuente del encabezamiento o término LEMB
650 14 - PUNTO DE ACCESO ADICIONAL DE MATERIA--TÉRMINO DE MATERIA
Término de materia o nombre geográfico como elemento de entrada Mujeres en la literatura
Fuente del encabezamiento o término LEMB
650 14 - PUNTO DE ACCESO ADICIONAL DE MATERIA--TÉRMINO DE MATERIA
Término de materia o nombre geográfico como elemento de entrada Violencia de género
Fuente del encabezamiento o término LEMB
942 ## - ELEMENTOS DE ENTRADA SECUNDARIOS (KOHA)
Fuente del sistema de clasificación o colocación Clasificación Decimal Dewey
Tipo de ítem Koha Libros
Suprimir en OPAC No
Holdings
Estatus retirado Estado de pérdida Fuente del sistema de clasificación o colocación Estado de daño No para préstamo Colección Biblioteca de origen Biblioteca actual Ubicación en estantería Fecha de adquisición Fuente de adquisición Total de préstamos Signatura topográfica completa Código de barras Visto por última vez Copia número Precio de reemplazo Tipo de ítem Koha
    Clasificación Decimal Dewey     General BIBLIOTECA PÚBLICA MUNICIPAL RAMON CORREA MEJIA BIBLIOTECA PÚBLICA MUNICIPAL RAMON CORREA MEJIA Colección general 09/10/2025 Donación Biblioteca Nacional   Co863 L579b 62716 09/10/2025 Ej. 1 09/10/2025 Literatura

Powered by Koha